Approved document L1B (Record no. 110706)
[ view plain ]
| 000 -LEADER | |
|---|---|
| fixed length control field | 00954cad a22002295a 4500 |
| 001 - CONTROL NUMBER | |
| control field | E150034 |
| 008 - FIXED-LENGTH DATA ELEMENTS--GENERAL INFORMATION | |
| fixed length control field | 100525s2010 xxk f000 0 eng u |
| 020 ## - INTERNATIONAL STANDARD BOOK NUMBER | |
| International Standard Book Number | 9781859463253 |
| 035 ## - SYSTEM CONTROL NUMBER | |
| System control number | (Sirsi) u150034 |
| 041 ## - LANGUAGE CODE | |
| Language code of text/sound track or separate title | eng |
| 050 ## - LIBRARY OF CONGRESS CALL NUMBER | |
| Classification number | 692.2 $2 18 |
| 110 ## - MAIN ENTRY--CORPORATE NAME | |
| Corporate name or jurisdiction name as entry element | United Kingdom |
| Subordinate unit | HM Government |
| 9 (RLIN) | 5056 |
| 245 ## - TITLE STATEMENT | |
| Title | Approved document L1B |
| Remainder of title | conservation of fuel and power (existing dwellings) |
| Medium | [electronic resource] |
| 260 ## - PUBLICATION, DISTRIBUTION, ETC. | |
| Place of publication, distribution, etc. | London |
| Name of publisher, distributor, etc. | HM Government |
| Date of publication, distribution, etc. | 2010 |
| 520 ## - SUMMARY, ETC. | |
| Summary, etc. | Comes into effect on 1 October 2010 and deals with the energy efficiency requirements in the Building Regulations 2000 (as amended). |
| 590 ## - LOCAL NOTE (RLIN) | |
| Local note | KA |
| 650 ## - SUBJECT ADDED ENTRY--TOPICAL TERM | |
| Topical term or geographic name entry element | BUILDING REGULATIONS 2000 APPROVED DOCUMENT L1B (2010 EDITION) |
| 651 #4 - SUBJECT ADDED ENTRY--GEOGRAPHIC NAME | |
| Geographic name | England and Wales |
| Chronological subdivision | 1543- |
| 690 ## - LOCAL SUBJECT ADDED ENTRY--TOPICAL TERM (OCLC, RLIN) | |
| Topical term or geographic name as entry element | Building regulations |
| 9 (RLIN) | 6224 |
| 856 40 - ELECTRONIC LOCATION AND ACCESS | |
| Uniform Resource Identifier | <a href="https://www.planningportal.gov.uk/uploads/br/BR_PDF_ADL1B_2010.pdf">https://www.planningportal.gov.uk/uploads/br/BR_PDF_ADL1B_2010.pdf</a> |
| Public note | View Approved Document L1B free of charge at www.planningportal.gov.uk |
| 942 ## - ADDED ENTRY ELEMENTS (KOHA) | |
| Suppress in OPAC | 0 |
| Withdrawn status | Lost status | Source of classification or shelving scheme | Damaged status | Not for loan | Home library | Current library | Shelving location | Date acquired | Total Checkouts | Full call number | Barcode | Date last seen | Copy number | Price effective from | Koha item type |
|---|---|---|---|---|---|---|---|---|---|---|---|---|---|---|---|
| Dewey Decimal Classification | Virtual | Virtual | Online | 25/05/2010 | ONLINE PUBLICATION | 150034-2001 | 06/08/2019 | 1 | 06/08/2019 | Book |